Reglamento de la Sociedad de Seguros Mutuos contra Incendios de Barcelona
Descripción Física:
53 p. ; 21 cm
MARC
| LEADER | 00000nam a2200000Ia 4500 | ||
|---|---|---|---|
| 001 | 19648 | ||
| 008 | 160829s1927] xx 000 0 cat d | ||
| 080 | |a B-888, exp. 24 | ||
| 100 | |a Sociedad de Seguros Mutuos contra Incendios (Barcelona) |9 23951 | ||
| 245 | |a Reglamento de la Sociedad de Seguros Mutuos contra Incendios de Barcelona | ||
| 260 | |a [Barcelona : |b Tipografía de Julián Doria, |c 1927] | ||
| 300 | |a 53 p. ; |c 21 cm | ||
| 650 | |a Sociedad de Seguros Mutuos contra Incendios (Barcelona) |x Reglaments i procediment |9 43608 | ||
| 901 | |a Arxiu | ||
| 942 | |n 1 | ||
| 952 | |0 0 |1 0 |4 0 |6 B888_EXP_24 |7 1 |9 51532 |a Arxiu |b Arxiu |d 2016-12-01 |l 0 |o B-888, exp. 24 |p 19648 |r 2016-12-01 00:00:00 |w 2016-12-01 |y ARXIU | ||
| 999 | |c 55377 |d 55377 | ||